[Event "IV Festival A"]
[Site "Nereto ITA"]
[Date "1999.08.13"]
[Round "3"]
[White "La Spina, Marcello"]
[Black "Lauria, Amilcare"]
[Result "1-0"]
[WhiteElo "1990"]
[BlackElo "2172"]
[PlyCount "63"]
[EventDate "1999.08.11"]

1. e4 c5 2. c3 d6 3. d4 Nf6 4. dxc5 Nc6 5. f3 e5 6. cxd6 Bxd6 7. Be3 Be6 8. Nd2
Qe7 9. Bc4 O-O 10. Bxe6 fxe6 11. Nb3 Nxe4 12. Ne2 Nf6 13. Ng3 Rad8 14. Qe2 e4
15. Nxe4 Nxe4 16. fxe4 Qh4+ 17. Bf2 Qh6 18. g3 Bc7 19. O-O Qg6 20. Bc5 Rfe8 21.
Rad1 h5 22. Nd4 Ne5 23. Nf3 Ng4 24. Qg2 Qh6 25. h4 Qg6 26. Ng5 Rxd1 27. Rxd1
Qf6 28. Rf1 Qe5 29. Qf3 Nf6 30. Bd4 Qb5 31. Bxf6 Rf8 32. Qxh5 1-0

[Event "IV Festival A"]
[Site "Nereto ITA"]
[Date "1999.08.13"]
[Round "3"]
[White "Rago, Riccardo"]
[Black "Foisor, Ovidiu-Doru"]
[Result "0-1"]
[WhiteElo "2175"]
[BlackElo "2472"]
[PlyCount "94"]
[EventDate "1999.08.11"]

1. e4 e6 2. d4 d5 3. Nd2 Nf6 4. e5 Nfd7 5. Bd3 c5 6. c3 b6 7. Ne2 Ba6 8. Bxa6
Nxa6 9. O-O Nc7 10. f4 f5 11. exf6 Nxf6 12. Nf3 Bd6 13. Ne5 O-O 14. Ng3 Qe8 15.
Be3 c4 16. Qe2 b5 17. a3 a5 18. Bd2 Ra6 19. Rae1 b4 20. axb4 axb4 21. Ng4 Nxg4
22. Qxg4 Qg6 23. Qd1 Ra2 24. f5 exf5 25. Qb1 bxc3 26. Bxc3 Bxg3 27. hxg3 Ra6
28. Re7 Nb5 29. Qe1 Nxc3 30. bxc3 Qd6 31. Qe5 Qxe5 32. Rxe5 g6 33. Rxd5 Ra3 34.
Rc1 Ra2 35. Rb1 Rc2 36. Rd7 Rf7 37. Rd8+ Kg7 38. Rc8 Rxc3 39. Rb4 Rxg3 40.
Rbxc4 Rd3 41. R8c5 h5 42. Kf2 Rd7 43. Rc7 R3xd4 44. Rxd4 Rxc7 45. g3 Kf6 46.
Ra4 Kg5 47. Kf3 Re7 0-1

[Event "IV Festival A"]
[Site "Nereto ITA"]
[Date "1999.08.13"]
[Round "3"]
[White "Rossi, Giampiero"]
[Black "Scalcione, Michelangelo"]
[Result "1/2-1/2"]
[WhiteElo "2020"]
[BlackElo "2177"]
[PlyCount "93"]
[EventDate "1999.08.11"]

1. d4 Nf6 2. c4 g6 3. g3 Bg7 4. Bg2 O-O 5. Nc3 d6 6. Nf3 c6 7. O-O Bf5 8. b3
Ne4 9. Nxe4 Bxe4 10. Bb2 d5 11. Qd2 Nd7 12. cxd5 Bxd5 13. Rfd1 a5 14. Ne5 Nxe5
15. Bxd5 Qxd5 16. dxe5 Qb5 17. Qd3 Qb6 18. e3 Rfd8 19. Qc4 e6 20. Rac1 Qc7 21.
f4 Rd7 22. Rxd7 Qxd7 23. Qd4 Rd8 24. Rd1 Qxd4 25. Rxd4 Rxd4 26. Bxd4 Bf8 27.
Bb6 Bb4 28. Kf2 Kf8 29. Ke2 Ke7 30. Kd3 Kd7 31. Kc4 Be1 32. a4 h5 33. e4 Bd2
34. Kd3 Be1 35. Ke2 Bb4 36. Kd3 c5 37. Kc4 Kc6 38. Bd8 Be1 39. Be7 b6 40. Bg5
Bf2 41. Bh6 h4 42. gxh4 Bxh4 43. h3 Bf2 44. Bg5 Be3 45. Bh6 Bc1 46. Bg5 Be3 47.
Bh6 1/2-1/2

[Event "IV Festival A"]
[Site "Nereto ITA"]
[Date "1999.08.13"]
[Round "3"]
[White "Suppa, Ercole"]
[Black "Szonyi, Kata"]
[Result "0-1"]
[WhiteElo "2140"]
[BlackElo "2101"]
[PlyCount "100"]
[EventDate "1999.08.11"]

1. d4 d5 2. e3 Nf6 3. Bd3 e6 4. Nd2 c5 5. c3 Nc6 6. Ngf3 Be7 7. O-O O-O 8. dxc5
Bxc5 9. e4 Qc7 10. Qe2 e5 11. exd5 Nxd5 12. Bxh7+ Kxh7 13. Qe4+ Kg8 14. Qxd5
Be7 15. Ne4 Rd8 16. Qb5 a6 17. Qe2 Bg4 18. Ng3 b5 19. Qe4 Be6 20. Ng5 Bxg5 21.
Bxg5 f6 22. Be3 Ne7 23. f4 Bd5 24. Qb4 Bc4 25. Qc5 Qxc5 26. Bxc5 Bxf1 27. Bxe7
Rd7 28. Bxf6 exf4 29. Rxf1 fxg3 30. Bd4 gxh2+ 31. Kxh2 Re8 32. Rf2 Rde7 33. Rf5
Re2 34. Rg5 R8e7 35. Rg6 R2e6 36. Rg5 Kh7 37. a4 bxa4 38. Ra5 Rb7 39. Rxa4 Rxb2
40. Kg3 Rg6+ 41. Kf3 Rbxg2 42. Rxa6 Rxa6 43. Kxg2 g5 44. Kf3 Kg6 45. Ke4 g4 46.
Kd5 g3 47. c4 g2 48. c5 Kf7 49. Bf2 Ke8 50. Ke4 Ra1 0-1

[Event "IV Festival A"]
[Site "Nereto ITA"]
[Date "1999.08.14"]
[Round "4"]
[White "Foisor, Cristina-Adela"]
[Black "Lputian, Smbat G."]
[Result "0-1"]
[WhiteElo "2371"]
[BlackElo "2625"]
[PlyCount "80"]
[EventDate "1999.08.11"]

1. Nf3 Nf6 2. g3 g6 3. b3 Bg7 4. Bb2 d5 5. c4 c6 6. Bg2 O-O 7. d3 a5 8. a3 b5
9. Nbd2 Nbd7 10. Qc2 Ba6 11. O-O Qb8 12. Rfc1 Rc8 13. Rab1 e5 14. e3 Qd6 15.
Bh3 h5 16. Nh4 Qe7 17. Re1 Re8 18. f4 Ng4 19. Ng2 Rab8 20. cxd5 cxd5 21. b4 a4
22. Nf3 Rbc8 23. Qe2 exf4 24. Bxg7 Kxg7 25. Qb2+ Qf6 26. Nxf4 Qxb2 27. Rxb2
Ndf6 28. Bxg4 hxg4 29. Nd4 Rc3 30. Rc2 Rxa3 31. Rc5 Ra2 32. Nxb5 Bxb5 33. Rxb5
a3 34. Ra5 Rc8 35. b5 Rcc2 36. b6 Rcb2 37. Nxd5 Rg2+ 38. Kh1 Rxh2+ 39. Kg1
Rhg2+ 40. Kh1 Nh5 0-1

[Event "IV Festival A"]
[Site "Nereto ITA"]
[Date "1999.08.14"]
[Round "4"]
[White "La Spina, Marcello"]
[Black "Efimov, Igor"]
[Result "0-1"]
[WhiteElo "1990"]
[BlackElo "2445"]
[PlyCount "92"]
[EventDate "1999.08.11"]

1. e4 d6 2. d4 g6 3. Nf3 Bg7 4. Be2 Nd7 5. O-O e5 6. dxe5 dxe5 7. Nc3 Ne7 8.
Be3 O-O 9. Qd2 c6 10. Rad1 Qc7 11. Qd6 Qxd6 12. Rxd6 Nb6 13. Rfd1 Be6 14. Ng5
Bc4 15. b3 Bxe2 16. Nxe2 Nec8 17. Rd8 h6 18. Rxf8+ Kxf8 19. Rd8+ Ke7 20. Rg8
hxg5 21. Rxg7 Kf8 22. Rh7 Kg8 23. Rh6 Nd6 24. Nc3 g4 25. h3 g3 26. h4 gxf2+ 27.
Kxf2 Nd7 28. h5 Nf6 29. Kf3 Nxh5 30. g4 Ng7 31. Bg5 Nde8 32. Rh1 Ne6 33. Be3 b6
34. Rd1 Rd8 35. Rxd8 Nxd8 36. Ne2 Ne6 37. c3 f6 38. Ng3 Nd6 39. Ne2 c5 40. a4
Kf7 41. Nc1 Ke7 42. Ne2 Kd7 43. Nc1 Kc6 44. Ne2 b5 45. axb5+ Kxb5 46. Nc1 a5
0-1

[Event "IV Festival A"]
[Site "Nereto ITA"]
[Date "1999.08.14"]
[Round "4"]
[White "Leoncini, Mario"]
[Black "Rigo, Janos"]
[Result "0-1"]
[WhiteElo "2164"]
[BlackElo "2347"]
[PlyCount "68"]
[EventDate "1999.08.11"]

1. e4 c5 2. c3 Nf6 3. e5 Nd5 4. d4 cxd4 5. Nf3 Qc7 6. Qxd4 e6 7. Bd3 Nc6 8. Qe4
g6 9. O-O Bg7 10. Re1 O-O 11. Na3 a6 12. Bg5 h6 13. Bc1 b6 14. h4 Bb7 15. h5
Nde7 16. hxg6 fxg6 17. Qe2 b5 18. Nc2 Rf7 19. Ncd4 Raf8 20. Nxc6 Bxc6 21. Be4
g5 22. Bxc6 Nxc6 23. Qe4 Rf5 24. Be3 R8f7 25. Bd4 Rf4 26. Qe3 g4 27. Nh2 h5 28.
Re2 R4f5 29. a4 b4 30. Rd1 a5 31. Rde1 Nxe5 32. Bb6 Qc6 33. Bxa5 Nc4 34. Qa7
Rxa5 0-1

[Event "IV Festival A"]
[Site "Nereto ITA"]
[Date "1999.08.14"]
[Round "4"]
[White "Razuvaev, Yuri S."]
[Black "Bocchicchio, Gaetano"]
[Result "1-0"]
[WhiteElo "2559"]
[BlackElo "2209"]
[PlyCount "111"]
[EventDate "1999.08.11"]

1. d4 Nf6 2. Nf3 c5 3. d5 d6 4. Nc3 Qa5 5. Bd2 b5 6. a3 a6 7. e4 Qc7 8. Be2 g6
9. Bf4 Bg7 10. Nd2 O-O 11. O-O Bb7 12. Bf3 Nbd7 13. a4 b4 14. Ne2 a5 15. Ng3
Nb6 16. c4 bxc3 17. bxc3 Nfd7 18. Qc2 Ba6 19. Rfb1 Rab8 20. Be2 Bxe2 21. Nxe2
Rb7 22. Rb5 Rfb8 23. Rab1 Nc8 24. c4 Na7 25. h3 Nxb5 26. cxb5 Nb6 27. Nc4 Nxc4
28. Qxc4 Re8 29. Rd1 Qd7 30. Bd2 e5 31. Bxa5 f5 32. Bd2 f4 33. f3 g5 34. Rb1
Reb8 35. Nc3 Ra8 36. Rc1 Ra5 37. Nd1 Ra8 38. Rb1 Rab8 39. Nb2 Bf6 40. Qb3 h5
41. Nc4 Bd8 42. Kf1 g4 43. hxg4 hxg4 44. Ke2 Bc7 45. fxg4 Qxg4+ 46. Qf3 Qg6 47.
Kd3 Kf7 48. Qh3 Ke7 49. Be1 Kf7 50. Bf2 Kg8 51. g3 f3 52. Rh1 Rf8 53. Qd7 Rd8
54. Qc6 Rdb8 55. Bxc5 Bd8 56. Nxe5 1-0

[Event "IV Festival A"]
[Site "Nereto ITA"]
[Date "1999.08.14"]
[Round "4"]
[White "Rettore, Ludwig"]
[Black "Rossi, Giampiero"]
[Result "0-1"]
[WhiteElo "1909"]
[BlackElo "2020"]
[PlyCount "54"]
[EventDate "1999.08.11"]

1. e4 c5 2. Nf3 e6 3. d4 cxd4 4. Nxd4 a6 5. Nc3 Qc7 6. Be2 Nf6 7. Bf3 Nc6 8.
Be3 Ne5 9. O-O b5 10. a4 b4 11. Nb1 Bb7 12. Nd2 Bd6 13. Kh1 O-O 14. Bg5 Nxf3
15. gxf3 Bxh2 16. Ne2 Nh5 17. Be7 Rfb8 18. Bxb4 Bxe4 19. fxe4 Rxb4 20. Ng1 g6
21. Qf3 Be5 22. Rfd1 Rxb2 23. Ra3 Rxc2 24. Rd3 Nf4 25. Rb3 Rb8 26. Rxb8+ Qxb8
27. Nf1 Qb2 0-1

[Event "IV Festival A"]
[Site "Nereto ITA"]
[Date "1999.08.14"]
[Round "4"]
[White "Scalcione, Michelangelo"]
[Black "Van Esch, Sebastian"]
[Result "0-1"]
[WhiteElo "2177"]
[BlackElo "2166"]
[PlyCount "75"]
[EventDate "1999.08.11"]

1. Nf3 Nf6 2. c4 d6 3. d4 Nbd7 4. Nc3 e5 5. e4 Be7 6. Be2 c6 7. O-O a6 8. a4
O-O 9. h3 Re8 10. Be3 exd4 11. Qxd4 Qa5 12. b4 Qxb4 13. a5 d5 14. Rfb1 Qd6 15.
cxd5 cxd5 16. exd5 Bd8 17. Bf4 Qc5 18. Qxc5 Nxc5 19. Be3 Nfd7 20. Rb4 Bf6 21.
Rc4 Ne4 22. Nxe4 Bxa1 23. Nd6 Rf8 24. Rc7 Ne5 25. Nd4 Rd8 26. N4f5 Bxf5 27.
Nxf5 Rd7 28. d6 g6 29. Ne7+ Kf8 30. Bh6+ Ke8 31. Nd5 Rxd6 32. Nb6 Rb8 33. Kh2
Bd4 34. Bf4 Re6 35. Nd5 Nc6 36. Bc4 Nxa5 37. Nb4 Nxc4 38. Rxc4 0-1

[Event "IV Festival A"]
[Site "Nereto ITA"]
[Date "1999.08.14"]
[Round "4"]
[White "Sibilio, Mario"]
[Black "Delanoy, Arnaud"]
[Result "1-0"]
[WhiteElo "2336"]
[BlackElo "2122"]
[PlyCount "57"]
[EventDate "1999.08.11"]

1. d4 d5 2. Nf3 Nf6 3. c4 dxc4 4. Nc3 c6 5. e4 b5 6. e5 Nd5 7. a4 e6 8. axb5
Nxc3 9. bxc3 cxb5 10. Ng5 Qd5 11. Qh5 g6 12. Qg4 h6 13. Be2 Bb7 14. Bf3 Qd7 15.
Ne4 Be7 16. Ba3 Nc6 17. Bxe7 Qxe7 18. Nd6+ Kf8 19. Nxb5 Kg7 20. Nd6 Rhd8 21.
O-O Rxd6 22. exd6 Qxd6 23. Rfb1 Rb8 24. Qg3 Qxg3 25. hxg3 Nd8 26. Rxa7 Bxf3 27.
Rxb8 Nc6 28. gxf3 Nxa7 29. Rb4 1-0

[Event "IV Festival A"]
[Site "Nereto ITA"]
[Date "1999.08.14"]
[Round "4"]
[White "Szonyi, Kata"]
[Black "Moyse, Nigel John"]
[Result "0-1"]
[WhiteElo "2101"]
[BlackElo "2130"]
[PlyCount "76"]
[EventDate "1999.08.11"]

1. e4 e5 2. Nf3 Nc6 3. Bc4 Bc5 4. b4 Bxb4 5. c3 Be7 6. d4 Nf6 7. dxe5 Ng4 8.
Qd5 O-O 9. h3 Nh6 10. g4 Kh8 11. g5 Ng8 12. h4 d6 13. exd6 Qxd6 14. Qxd6 Bxd6
15. h5 Bg4 16. Nh4 Bxh5 17. f4 Rae8 18. Bd3 Rd8 19. Bc2 Rfe8 20. Kf1 Bc5 21.
Nd2 Na5 22. Nb3 Bb6 23. e5 Bd1 24. Bxh7 Bxb3 25. Bd3 Nh6 26. gxh6 Rxd3 27.
hxg7+ Kg8 28. axb3 Rd1+ 29. Kg2 Rxh1 30. Kxh1 Kxg7 31. Nf5+ Kg6 32. Ng3 Nxb3
33. Rb1 Nxc1 34. Rxc1 Rd8 35. Rc2 a5 36. f5+ Kg5 37. Kg2 Kg4 38. c4 Rd3 0-1

[Event "IV Festival A"]
[Site "Nereto ITA"]
[Date "1999.08.14"]
[Round "4"]
[White "Tribuiani, Renato"]
[Black "Rago, Riccardo"]
[Result "0-1"]
[WhiteElo "2128"]
[BlackElo "2175"]
[PlyCount "56"]
[EventDate "1999.08.11"]

1. Nf3 Nf6 2. d4 g6 3. c4 Bg7 4. Nc3 O-O 5. e4 d6 6. Be2 e5 7. d5 Nbd7 8. Bg5
h6 9. Bd2 Nc5 10. Qc2 a5 11. O-O Nh5 12. Ne1 Nf4 13. Bxf4 exf4 14. Nd3 Nxd3 15.
Bxd3 Be5 16. Rfe1 Kg7 17. Rab1 h5 18. a3 f3 19. g3 h4 20. Qd1 hxg3 21. Qxf3
gxf2+ 22. Qxf2 Rh8 23. Re2 Qg5+ 24. Kf1 Bg4 25. Rd2 Rh3 26. Qe1 Bxh2 27. Rxh2
Rxh2 28. Ne2 Bh3# 0-1

[Event "IV Festival A"]
[Site "Nereto ITA"]
[Date "1999.08.14"]
[Round "4"]
[White "Zaitsev, Vadim"]
[Black "Iordachescu, Viorel"]
[Result "0-1"]
[WhiteElo "2411"]
[BlackElo "2553"]
[PlyCount "80"]
[EventDate "1999.08.11"]

1. e4 c5 2. Nf3 e6 3. d3 Nc6 4. g3 Nf6 5. Bg2 d6 6. O-O Be7 7. Re1 O-O 8. c3
Bd7 9. Nbd2 Rc8 10. a3 e5 11. b4 b5 12. Bb2 cxb4 13. axb4 a5 14. bxa5 Nxa5 15.
d4 Qb6 16. Ba3 Rfe8 17. Nb3 Nc4 18. Bb4 Bg4 19. h3 Bh5 20. Na5 exd4 21. Qxd4
Bd8 22. Nxc4 Rxc4 23. Qxb6 Bxb6 24. g4 Bg6 25. Ra6 Bc5 26. Nd2 Rxb4 27. cxb4
Bxb4 28. Re2 h5 29. Bf3 hxg4 30. hxg4 Nd7 31. Kg2 Nc5 32. Ra2 Ne6 33. Kg3 Bc3
34. Re3 b4 35. Nc4 Rc8 36. Nb6 b3 37. Ra3 b2 38. Nxc8 Be5+ 39. Kh4 Bf6+ 40. Kg3
b1=Q 0-1

[Event "IV Festival A"]
[Site "Nereto ITA"]
[Date "1999.08.15"]
[Round "5"]
[White "Ciolac, Gheorghe"]
[Black "Van Esch, Sebastian"]
[Result "1-0"]
[WhiteElo "2364"]
[BlackElo "2166"]
[PlyCount "84"]
[EventDate "1999.08.11"]

1. e4 c5 2. Ne2 Nc6 3. Nbc3 d6 4. d4 cxd4 5. Nxd4 Nf6 6. g3 Qb6 7. Nb3 Qc7 8.
Bg2 e6 9. O-O Be7 10. Qe2 a6 11. f4 h5 12. h3 e5 13. f5 b5 14. Be3 Bb7 15. a4
b4 16. Nd5 Nxd5 17. exd5 Na5 18. Nxa5 Qxa5 19. Qd2 Rc8 20. Rfc1 Bd8 21. Kh2 Kd7
22. c3 bxc3 23. bxc3 Ba8 24. Rab1 Qxa4 25. Rb4 Qa3 26. Qd1 Rxc3 27. Rxc3 Qxb4
28. Rb3 Qc4 29. Rb8 h4 30. Rxa8 hxg3+ 31. Kh1 Rxh3+ 32. Bxh3 Qe4+ 33. Bg2 Qxe3
34. Qa4+ Ke7 35. f6+ Kxf6 36. Qh4+ g5 37. Qh8+ Kg6 38. Qg8+ Kf5 39. Qxf7+ Kg4
40. Qd7+ Kf4 41. Qf7+ Kg4 42. Bh3+ Kxh3 1-0

[Event "IV Festival A"]
[Site "Nereto ITA"]
[Date "1999.08.15"]
[Round "5"]
[White "Efimov, Igor"]
[Black "Zaitsev, Vadim"]
[Result "1/2-1/2"]
[WhiteElo "2445"]
[BlackElo "2411"]
[PlyCount "140"]
[EventDate "1999.08.11"]

1. d4 Nf6 2. Bg5 e6 3. c4 h6 4. Bh4 c5 5. e3 cxd4 6. Bxf6 gxf6 7. exd4 Nc6 8.
Nf3 Qb6 9. Qd2 f5 10. Nc3 Bg7 11. Rd1 O-O 12. Be2 d6 13. O-O e5 14. c5 Qd8 15.
dxe5 dxe5 16. Qxd8 Nxd8 17. Nd5 Nc6 18. b4 e4 19. Nh4 Nd4 20. Bc4 Be6 21. Rxd4
Bxd4 22. Nxf5 Rad8 23. Rd1 Bxf5 24. Rxd4 Kg7 25. Ne3 Bg6 26. Bd5 Rd7 27. g4 Kf6
28. Rd1 Rfd8 29. b5 Ke5 30. Nc4+ Kf4 31. Ne3 f5 32. c6 bxc6 33. bxc6 Rc7 34.
Rb1 Ke5 35. Rb5 a6 36. Ra5 f4 37. Bb3+ Kd4 38. Nc2+ Kc3 39. Rc5+ Kb2 40. Nb4 e3
41. fxe3 fxe3 42. Nd5 e2 43. Kf2 Rf7+ 44. Kxe2 Re8+ 45. Ne3 Rfe7 46. c7 Rxe3+
47. Kf2 Rxb3 48. axb3 Rc8 49. Rd5 Be4 50. Rd6 Bb7 51. Rxh6 Rxc7 52. Rb6 Bc8 53.
h4 Rc3 54. h5 Bxg4 55. Rxa6 Bxh5 56. b4 Be8 57. Re6 Bb5 58. Re5 Bd3 59. Ke3
Bf1+ 60. Kf2 Bc4 61. Re3 Rc2+ 62. Kg3 Kc1 63. Kf4 Kd2 64. Rh3 Rb2 65. b5 Rxb5
66. Ke4 Be2 67. Rg3 Rb4+ 68. Kd5 Bd3 69. Rg7 Rh4 70. Ke5 Kc3 1/2-1/2

[Event "IV Festival A"]
[Site "Nereto ITA"]
[Date "1999.08.15"]
[Round "5"]
[White "Leoncini, Mario"]
[Black "Rettore, Ludwig"]
[Result "1-0"]
[WhiteElo "2164"]
[BlackElo "1909"]
[PlyCount "131"]
[EventDate "1999.08.11"]

1. e4 c6 2. d4 d5 3. Nc3 dxe4 4. Nxe4 Nd7 5. Bc4 Ngf6 6. Ng5 e6 7. Qe2 Nb6 8.
Bd3 h6 9. N5f3 c5 10. dxc5 Bxc5 11. Ne5 O-O 12. Ngf3 Nbd7 13. Bd2 Nxe5 14. Nxe5
Qd5 15. O-O Bd4 16. Nc4 Bd7 17. Ne3 Qe5 18. c3 Bc5 19. Nc4 Qxe2 20. Bxe2 Bb5
21. a4 Bxc4 22. Bxc4 Rfd8 23. Rfd1 Rd7 24. Be1 Rad8 25. Be2 Nd5 26. Bb5 Rd6 27.
b4 Bb6 28. c4 a6 29. c5 axb5 30. cxd6 Rxd6 31. axb5 Kf8 32. Bc3 g6 33. Bd4 Bxd4
34. Rxd4 Ke7 35. Rc1 h5 36. g3 Rd8 37. Rc5 Rd7 38. Rdc4 Rd6 39. Kf1 Kd7 40. Rc8
Rb6 41. R8c5 Rd6 42. Ke2 Ke7 43. Rd4 Kd7 44. Kd2 Ke7 45. Kc1 Kd7 46. Kb2 Ke7
47. Kb3 Kd7 48. Rd1 Ke7 49. Rdc1 Kd7 50. Ka4 Ke7 51. Kb3 Kd7 52. Rc8 Ke7 53.
R1c5 Kf6 54. f4 Ke7 55. Rb8 Rd7 56. Rcc8 b6 57. Rc6 Ra7 58. Rcxb6 Nxb6 59. Rxb6
Kd7 60. Rc6 Ra1 61. Rc2 Kd6 62. Kc4 Kc7 63. Kc5 Rd1 64. b6+ Kb7 65. Kb5 Kb8 66.
Kc6 1-0

[Event "IV Festival A"]
[Site "Nereto ITA"]
[Date "1999.08.15"]
[Round "5"]
[White "Lputian, Smbat G."]
[Black "Foisor, Ovidiu-Doru"]
[Result "1-0"]
[WhiteElo "2625"]
[BlackElo "2472"]
[PlyCount "85"]
[EventDate "1999.08.11"]

1. d4 e6 2. c4 Nf6 3. Nf3 Bb4+ 4. Nbd2 b6 5. g3 Bb7 6. Bg2 c5 7. O-O cxd4 8.
Nb3 O-O 9. Nbxd4 a6 10. Qb3 Be7 11. Rd1 d6 12. c5 Bd5 13. Qxb6 dxc5 14. Qxd8
Rxd8 15. Nc2 Nc6 16. Bf4 Nb4 17. Nxb4 cxb4 18. Ne5 Bxg2 19. Kxg2 Rxd1 20. Rxd1
Nd5 21. Rc1 Kf8 22. Bd2 Ke8 23. Kf3 a5 24. h4 h5 25. Nc4 Ra6 26. e4 Nb6 27. Ne5
Ra8 28. Be3 Nd7 29. Nc4 Ra6 30. Ke2 Bd8 31. Bd4 g6 32. a4 bxa3 33. bxa3 a4 34.
Rb1 Be7 35. Rb7 e5 36. Be3 Rc6 37. Kd3 Bc5 38. Rxd7 Bxe3 39. fxe3 Rxc4 40. Kxc4
Kxd7 41. Kb5 g5 42. Kxa4 f5 43. exf5 1-0

[Event "IV Festival A"]
[Site "Nereto ITA"]
[Date "1999.08.15"]
[Round "5"]
[White "Luciani, Valerio"]
[Black "Szonyi, Kata"]
[Result "0-1"]
[WhiteElo "2229"]
[BlackElo "2101"]
[PlyCount "94"]
[EventDate "1999.08.11"]

1. d4 d5 2. c4 dxc4 3. Nf3 Nf6 4. e3 e6 5. Bxc4 c5 6. O-O a6 7. a3 b5 8. Ba2
Bb7 9. Qe2 Nbd7 10. Rd1 Qb6 11. Nc3 Be7 12. e4 cxd4 13. Nxd4 Bc5 14. Nb3 Bd6
15. g3 Rc8 16. Be3 Qc7 17. f3 O-O 18. Nd4 Bc5 19. Rac1 Qb8 20. Nxe6 Bxe3+ 21.
Qxe3 fxe6 22. Bxe6+ Rf7 23. g4 Ne5 24. g5 Nh5 25. f4 Nc4 26. Bxf7+ Kxf7 27. Qf3
g6 28. f5 Kg8 29. Nd5 Bxd5 30. exd5 Qf4 31. Qxf4 Nxf4 32. Kf2 Rd8 33. b3 Nb2
34. Kf3 Nxd1 35. Kxf4 Rxd5 36. Rc8+ Kf7 37. Rc7+ Ke8 38. f6 Rf5+ 39. Kg4 Ne3+
40. Kh4 Ng2+ 41. Kg4 Ne3+ 42. Kh4 Rf3 43. Rxh7 Nf5+ 44. Kg4 Rxb3 45. h4 Rxa3
46. h5 Ra4+ 47. Kf3 gxh5 0-1

[Event "IV Festival A"]
[Site "Nereto ITA"]
[Date "1999.08.15"]
[Round "5"]
[White "Moyse, Nigel John"]
[Black "Foisor, Cristina-Adela"]
[Result "1-0"]
[WhiteElo "2130"]
[BlackElo "2371"]
[PlyCount "85"]
[EventDate "1999.08.11"]

1. d4 Nf6 2. c4 g6 3. Nc3 Bg7 4. Nf3 d6 5. e4 O-O 6. Be2 Bg4 7. O-O Nc6 8. Be3
e5 9. d5 Bxf3 10. Bxf3 Ne7 11. Be2 Nd7 12. b4 f5 13. f3 Nf6 14. g4 f4 15. Bf2
g5 16. c5 h5 17. h3 Ng6 18. Rc1 Rf7 19. a4 Bf8 20. a5 Rh7 21. Kg2 dxc5 22. bxc5
hxg4 23. hxg4 Nxg4 24. fxg4 f3+ 25. Kg1 fxe2 26. Nxe2 Qd7 27. Ng3 Nf4 28. Nf5
Qb5 29. Rc2 Qxa5 30. Be3 Qb4 31. Qf3 Rh3 32. Ng3 a5 33. Rh2 Rxh2 34. Kxh2 a4
35. Bxf4 gxf4 36. Nf5 Qxc5 37. g5 Ra6 38. Rg1 a3 39. Rg2 a2 40. Qh5 Bg7 41. g6
Kf8 42. Nxg7 Qb5 43. Nf5 1-0

[Event "IV Festival A"]
[Site "Nereto ITA"]
[Date "1999.08.15"]
[Round "5"]
[White "Rago, Riccardo"]
[Black "Sibilio, Mario"]
[Result "1/2-1/2"]
[WhiteElo "2175"]
[BlackElo "2336"]
[PlyCount "37"]
[EventDate "1999.08.11"]

1. e4 c5 2. Nf3 Nc6 3. d4 cxd4 4. Nxd4 Qb6 5. Nb5 Nf6 6. Be3 Qd8 7. N1c3 a5 8.
Nd4 e5 9. Nb3 Bb4 10. Bg5 h6 11. Bxf6 Qxf6 12. Qd2 O-O 13. a3 Bxc3 14. Qxc3 Nd4
15. Rd1 Nxb3 16. Qxb3 Qg6 17. f3 Qg5 18. Kf2 b5 19. Qd5 1/2-1/2

[Event "IV Festival A"]
[Site "Nereto ITA"]
[Date "1999.08.15"]
[Round "5"]
[White "Sbraccia, Giovanni"]
[Black "Lauria, Amilcare"]
[Result "0-1"]
[WhiteElo "2134"]
[BlackElo "2172"]
[PlyCount "108"]
[EventDate "1999.08.11"]

1. g3 g6 2. Bg2 Bg7 3. e4 d6 4. d3 c5 5. f4 Nc6 6. Nf3 Nf6 7. O-O O-O 8. c3 c4
9. h3 e5 10. Re1 exf4 11. gxf4 Re8 12. Na3 cxd3 13. Qxd3 Rxe4 14. Rxe4 Bf5 15.
Nh4 Bxe4 16. Bxe4 Nxe4 17. Qxe4 Qxh4 18. Kg2 d5 19. Qe2 d4 20. Bd2 dxc3 21.
bxc3 Qe7 22. Qxe7 Nxe7 23. Kf3 Rd8 24. Ke2 Nf5 25. Rb1 Nd6 26. Rb3 f5 27. c4
Bd4 28. h4 Bc5 29. Bb4 Ne4 30. Bxc5 Nxc5 31. Rb5 b6 32. h5 Kf7 33. Rb1 Ne4 34.
hxg6+ hxg6 35. Rb2 Nc3+ 36. Ke1 Rd1+ 37. Kf2 Rd4 38. Rb3 Rxf4+ 39. Ke3 Re4+ 40.
Kd2 Na4 41. Nb5 Kf6 42. Rb4 Nc5 43. Nxa7 Nd7 44. Nc8 Re6 45. Ra4 g5 46. Ra7 Nc5
47. Rh7 Kg6 48. Re7 Rc6 49. Re8 Kh5 50. Ke3 Kg4 51. Na7 Rd6 52. Nb5 f4+ 53. Kf2
Rd2+ 54. Re2 Ne4+ 0-1

[Event "IV Festival A"]
[Site "Nereto ITA"]
[Date "1999.08.15"]
[Round "5"]
[White "Suppa, Ercole"]
[Black "Scalcione, Michelangelo"]
[Result "1/2-1/2"]
[WhiteElo "2140"]
[BlackElo "2177"]
[PlyCount "57"]
[EventDate "1999.08.11"]

1. d4 Nf6 2. Nc3 g6 3. e4 d6 4. Nf3 Bg7 5. Be2 O-O 6. O-O Bg4 7. Be3 Nbd7 8.
Qd2 e5 9. Rad1 exd4 10. Bxd4 Re8 11. h3 Bxf3 12. Bxf3 Ne5 13. Qf4 Nc6 14. Be3
Nd7 15. Be2 Be5 16. Qf3 Bxc3 17. bxc3 Qh4 18. Rb1 Rxe4 19. g3 Qe7 20. Rxb7 Nb6
21. Bd3 d5 22. Bxe4 dxe4 23. Qf4 Rc8 24. Bd4 Nd5 25. Qh6 Nxd4 26. cxd4 e3 27.
fxe3 Nxe3 28. Re1 Qe4 29. Qxe3 1/2-1/2

[Event "IV Festival A"]
[Site "Nereto ITA"]
[Date "1999.08.16"]
[Round "6"]
[White "Ciolac, Gheorghe"]
[Black "Rago, Riccardo"]
[Result "1-0"]
[WhiteElo "2364"]
[BlackElo "2175"]
[PlyCount "81"]
[EventDate "1999.08.11"]

1. e4 c5 2. Nc3 Nc6 3. Nge2 g6 4. d4 cxd4 5. Nxd4 Bg7 6. Nde2 d6 7. g3 Nf6 8.
Bg2 O-O 9. O-O Bd7 10. h3 Rc8 11. a4 Qc7 12. Bg5 Nb4 13. Qd2 Rfd8 14. Rac1 Bc6
15. Nb5 Qa5 16. c3 Qxa4 17. Nbd4 Na6 18. Ra1 Qc4 19. b3 Qc5 20. Nxc6 Qxc6 21.
Bxf6 exf6 22. b4 Qb6 23. Rfd1 Nc7 24. Nf4 Bh6 25. Qd3 a6 26. Ra5 Bf8 27. h4 Re8
28. Ra2 Re5 29. Qf3 Nb5 30. Rd3 Nc7 31. Qd1 Kg7 32. Qd2 Qb5 33. Ne2 Ree8 34.
Kh2 Qb6 35. Nf4 Re5 36. c4 f5 37. exf5 gxf5 38. Rb3 Kg8 39. Nh5 Ne6 40. f4 Re4
41. Nf6+ 1-0

[Event "IV Festival A"]
[Site "Nereto ITA"]
[Date "1999.08.16"]
[Round "6"]
[White "Iordachescu, Viorel"]
[Black "Lputian, Smbat G."]
[Result "1/2-1/2"]
[WhiteElo "2553"]
[BlackElo "2625"]
[PlyCount "81"]
[EventDate "1999.08.11"]

1. e4 e6 2. d4 d5 3. Nc3 Bb4 4. e5 c5 5. a3 Ba5 6. b4 cxd4 7. Qg4 Ne7 8. bxa5
dxc3 9. Qxg7 Rg8 10. Qxh7 Nbc6 11. f4 Qxa5 12. Rb1 Bd7 13. Rxb7 Nd4 14. Qd3
Nef5 15. Nf3 Bc6 16. Rb4 Nxf3+ 17. Qxf3 Qc5 18. g3 a5 19. Rb1 d4 20. Qxc6+ Qxc6
21. Bb5 Kd7 22. Bxc6+ Kxc6 23. Kf2 Rg6 24. Kf3 Rh8 25. g4 Nh4+ 26. Kg3 Nf5+ 27.
Kf3 Nh6 28. Rg1 Nxg4 29. Rxg4 Rxg4 30. Kxg4 Rxh2 31. Kf3 Kd5 32. Rb7 Rxc2 33.
Be3 dxe3 34. Kxe3 Rh2 35. Rxf7 Rh3+ 36. Ke2 Ke4 37. Kd1 Rh2 38. Kc1 a4 39. Re7
Kd3 40. Rd7+ Kc4 41. Rd6 1/2-1/2

[Event "IV Festival A"]
[Site "Nereto ITA"]
[Date "1999.08.16"]
[Round "6"]
[White "Lauria, Amilcare"]
[Black "Delanoy, Arnaud"]
[Result "1-0"]
[WhiteElo "2172"]
[BlackElo "2122"]
[PlyCount "95"]
[EventDate "1999.08.11"]

1. e4 e5 2. Nf3 Nf6 3. Nxe5 d6 4. Nf3 Nxe4 5. d4 d5 6. Bd3 Bd6 7. O-O O-O 8. c4
c6 9. Nc3 Nxc3 10. bxc3 dxc4 11. Bxc4 Bg4 12. h3 Bh5 13. g4 Bg6 14. Bg5 Qc7 15.
Re1 Nd7 16. Bd3 f5 17. Nh4 fxg4 18. Nxg6 hxg6 19. Bc4+ Kh8 20. Qxg4 Nf6 21.
Qh4+ Nh5 22. Re6 b5 23. Bb3 Bh2+ 24. Kh1 Bg3 25. fxg3 Qf7 26. Bf4 Qf5 27. Re5
Qd3 28. Rxh5+ gxh5 29. Qxh5+ Qh7 30. Qxh7+ Kxh7 31. Bc2+ Kg8 32. Kg2 Rae8 33.
Be5 c5 34. Bb3+ Kh8 35. Re1 cxd4 36. cxd4 a5 37. Re4 Kh7 38. Rh4+ Kg6 39. Rg4+
Kf5 40. Bc2+ Ke6 41. Rxg7 Kd5 42. Rc7 Rc8 43. Bd3 Rxc7 44. Bxc7 Kxd4 45. Bxb5
Rc8 46. Bxa5 Ke4 47. Ba4 Rc5 48. Bd2 1-0